| 000 | 00762nam a22001577a 4500 | ||
|---|---|---|---|
| 003 | OSt | ||
| 005 | 20160324154116.0 | ||
| 008 | 160324b xxu||||| |||| 00| 0 eng d | ||
| 040 | _cRUA | ||
| 082 | _aATM CHH 2004 B473 Or.1 | ||
| 100 |
_98200 _aCHHOUN SOPHARY, ឈួន សុផារី |
||
| 245 | _aការសិក្សាស្វែងយល់ពីសក្តានុពលក្នុងការរៀបចំសហគមន៍ព្រៃឈើស៊ិញកឹក ភូមិ ជ្រាប់ថ្មី ឃុំ ជប់រ៉ារី ស្រុកព្រះនេត្រព្រះ ខេត្តបន្ទាយមានជ័យ | ||
| 260 |
_aPhnom Penh _bRUA _c2004 |
||
| 300 |
_aii; 24p. _bill. _c29cm. |
||
| 942 |
_2ddc _cATM |
||
| 999 |
_c7817 _d7817 |
||